Statistics for Countries A-Z with the Largest Capital

Click here to take the quiz!

General Stats

  • This quiz has been taken 68 times
  • The average score is 19 of 24

Answer Stats

LetterPopulation of capitalCountry% Correct
F2,139,907France
95%
J14,094,034Japan
95%
C21,542,000China
94%
O1,294,101Oman
94%
U9,002,488United Kingdom
92%
Q1,186,023Qatar
90%
R13,104,177Russia
90%
I10,562,088Indonesia
89%
Y2,575,347Yemen
89%
Z2,731,696Zambia
87%
G3,677,472Germany
85%
V8,053,663Vietnam
82%
H1,706,851Hungary
79%
M9,209,944Mexico
79%
K4,397,073Kenya
76%
B8,906,039Bangladesh
71%
D12,691,000Democratic Republic of the Congo
71%
E10,107,125Egypt
71%
S9,508,451South Korea
71%
P10,151,000Peru
66%
T8,305,218Thailand
66%
A4,601,789Afghanistan
58%
L1,170,000Libya
58%
N2,870,000North Korea
56%

Score Distribution

Percentile by Number Answered

Percent of People with Each Score

Your Score History

You have not taken this quiz